000
00237nam a2200097Ia 4500
001
754550
005
20250826164742.0
008
250824s9999 xx 000 0 und d
245
0
_a
MÜHRÜ KALP
_c
SEZGİN IRMAK
260
_b
PORTAKAL YAYINLARI
999
_c
754550
_d
754550